000
00260nam a2200109Ia 4500
008
200302s9999 xx 000 0 und d
100
_a
George Michell
245
_a
Hindu Art and Architecture
260
_b
Thames and Hudson Ltd.
260
_c
2000
300
_a
224
999
_c
3704
_d
3704